Phân tích tác phẩm Ngữ văn 10

Sách giới thiệu những tri thức cần thiết cho việc hiểu biết đúng đắn một tác phẩm văn học và nêu lên một số thao tác phân tích tác phẩm.

Сохранить в:
Библиографические подробности
Главный автор: Trần, Ngọ Thìn
Формат:
Язык:Undetermined
Опубликовано: Hà Nội Giáo dục Việt Nam 2013
Предметы:
Метки: Добавить метку
Нет меток, Требуется 1-ая метка записи!
Thư viện lưu trữ: Trung tâm Học liệu Trường Đại học Cần Thơ
LEADER 00925nam a2200217Ia 4500
001 CTU_185100
008 210402s9999 xx 000 0 und d
020 |c 30000 
082 |a 495.9220712 
082 |b Th311 
100 |a Trần, Ngọ Thìn 
245 0 |a Phân tích tác phẩm Ngữ văn 10 
245 0 |c Trần Ngọ Thìn, Lê Nguyên Cẩn, Phạm Thu Yến (Chủ biên) 
260 |a Hà Nội 
260 |b Giáo dục Việt Nam 
260 |c 2013 
520 |a Sách giới thiệu những tri thức cần thiết cho việc hiểu biết đúng đắn một tác phẩm văn học và nêu lên một số thao tác phân tích tác phẩm. 
650 |a Philology,Ngữ văn 
650 |x Study and teaching (secondary),Dạy và học (Trung học) 
904 |i Hải 
980 |a Trung tâm Học liệu Trường Đại học Cần Thơ